000 00650nam a2200193 4500
008 250326b |||||||| |||| 00| 0 eng d
020 _a9789634219255
040 _aMksU
050 _aLC 1041
_b.N54 2022
100 _aNjenga Moses
245 _aTVET teacher CPD. practices and policy recommendations/
_cMoses Njenga
260 _aHungary :
_bBudapest university of technology and economics,
_c2022
300 _a95p. ;
_c24cm.
440 _x27862267
504 _aInclude bibliographic ref.
650 _aTraining of vocational education teachers
650 _aVocational education
942 _2lcc
_hLC 1041 .N54 2022
_cBOOKS
999 _c32215
_d32215